书目信息 |
| 书名: | Agriculture in the Republic of Ireland | |
| 作者: | Desmond A. Gillmor | |
| 分册号: | ||
| 分册名: | 出版地: | Budapest : |
|
| 出版社: | Akadémiai Kiadó | |
| 出版时间: | 1977. | |
| 页数: | 201, [1] p. : | |
| 开本: | 25 cm. | |
| 丛书名: | Geography of world agriculture | |
| 中图分类号: | ||
| 科图分类号: | ||
| 其他分类号: | F319.9 | |
| 主题词: | ||
| 电子资源: | ||
| 000 | 00927nam 2200301 a 4500 | |
| 001 | E0729862873 | |
| 005 | 20070228081814.48 | |
| 008 | uu | |
| 008 | 00010 eng | |
| 010 | @a78311929 | |
| 015 | @aH*** | |
| 020 | @a9630512181. | |
| 043 | @ae-ie--- | |
| 049 | @aN5LA | |
| 050 | 0 | @aS461 @b.G54 |
| 082 | @a338.1/09417 | |
| 090 | @a2/F356.2/GDA///////////////878645/939094/cop.2 | |
| 090 | @aF319.9 | |
| 096 | @aF356.2 @v2 | |
| 099 | @dF319.9@ex1:7 | |
| 100 | 10 | @aGillmor, Desmond. |
| 245 | 10 | @aAgriculture in the Republic of Ireland / @cDesmond A. Gillmor |
| 260 | 0 | @aBudapest :@bAkadémiai Kiadó,@c1977. |
| 300 | @a201, [1] p. :@bill. ;@c25 cm. | |
| 440 | 0 | @aGeography of world agriculture ; @v7 |
| 504 | @aBibliography: p. 195-[202] | |
| 650 | 0 | @aAgricultural geography @zIreland. @b00 @c20020930 @lNLC09 @h2247 @lNLC09 @h2316 @lNLC09 @h1908 |
| 852 | 9 | @bWWJC @cJ08S @k2 @hF356.2 @iGDA |
| Agriculture in the Republic of Ireland / / Desmond A. Gillmor.-Budapest : : Akadémiai Kiadó, , 1977. |
| 201, [1] p. : : ill. ; ; 25 cm.- (Geography of world agriculture ; 7 ) |
| Bibliography: p. 195-[202] |
| ISBN 9630512181. |
| ● |
| 相关链接 |
|
|
|
|
正题名:Agriculture in the Republic of Ireland
索取号:F319.9/x1:7
 
预约/预借
| 序号 | 登录号 | 条形码 | 馆藏地/架位号 | 状态 | 备注 |
| 1 | 183258 | 001177639 | 第二样本阅览室/ [索取号:F319.9/x1:7] | 在馆 | |
| 2 | 183259 | 001177470 | 第四借阅区/ [索取号:F319.9/x1:7] | 在馆 |